• 首页
  • 本馆介绍
  • 公告通知
  • 最新文献
  • 馆藏检索
  • 电子资源
  • 读者导购
  • 参考咨询
  • 我的图书馆
  • 登录
  • 详细信息显示
  • 放入我的书架
  • 预约/预借图书
  • 作者相关作品
  • 分类相关作品
  • 丛书相关作品
  • 出版社相关作品

书目信息

  • 表格格式
  • 工作单格式
  • 卡片格式
题名:
音乐表演艺术探索
    
 
作者: 郑磊 著
分册:  
出版信息: 长春   吉林文史出版社  2021.3
页数: 221页
开本: 24cm
丛书名:
单 册:
中图分类: J604.6
科图分类:
主题词: 音乐表演--研究
电子资源:
ISBN: 978-7-5472-7522-1
000 01023nam0 2200241 45
001 012001001162
005 20130910161434.0
010    @a978-7-5472-7522-1@dCNY58.00
100    @a20210309d2021 em y0chiy0110 ea
101 0  @achi
102    @aCN@b220000
105    @aa az 000yy
106    @ar
200 1  @a音乐表演艺术探索@Ayin yue biao yan yi shu tan suo@f郑磊著
210    @a长春@c吉林文史出版社@d2021.3
215    @a221页@c图@d24cm
320    @a有书目
330    @a本书主要阐述了音乐表演的相关问题。音乐表演艺术是一百种审美思维,是审的美感知方式从视听感官上具有一种互补性和转接性。音乐到表演中的形象思维使得艺术声音的审美感知拓宽、想象视野超远幽深,情感表达更为鲜明、真切并富有立体美。第一章音乐表演艺术概述;第二章音乐表演的美学原则;第三章乐谱的版本研究;第四章音乐作品的形式分析;第五章音乐作品的内涵分析;第六章音乐作品的风格分析;第七章音乐表演心理学。
606 0  @a音乐表演@x研究
690    @aJ604.6@v5
701  0 @a郑磊@AZheng Lei@4著
801    @aCN@b江苏凤凰@c20211018
905    @b1342427-30@dJ604.6@e1301@f4
    
    音乐表演艺术探索/郑磊著.-长春:吉林文史出版社,2021.3
    221页:图;24cm
    
    
    ISBN 978-7-5472-7522-1:CNY58.00
    本书主要阐述了音乐表演的相关问题。音乐表演艺术是一百种审美思维,是审的美感知方式从视听感官上具有一种互补性和转接性。音乐到表演中的形象思维使得艺术声音的审美感知拓宽、想象视野超远幽深,情感表达更为鲜明、真切并富有立体美。第一章音乐表演艺术概述;第二章音乐表演的美学原则;第三章乐谱的版本研究;第四章音乐作品的形式分析;第五章音乐作品的内涵分析;第六章音乐作品的风格分析;第七章音乐表演心理学。
●
相关链接 在E读中查询图书 在五车中查询图书 在当当中查询图书 在豆瓣中查询图书


正题名:音乐表演艺术探索     索取号:J604.6/1301         预约/预借

序号 登录号 条形码 馆藏地/架位号 状态 备注
1 1342427   213424276   第一样本阅览室/ [索取号:J604.6/1301] 在馆    
2 1342428   213424285   第一借阅区/ [索取号:J604.6/1301] 在馆    
3 1342429   213424294   第一借阅区/ [索取号:J604.6/1301] 在馆    
4 1342430   213424301   第一借阅区/ [索取号:J604.6/1301] 在馆    
欢迎您!
大连网信软件有限公司© 版权所有